Statistics for Brazil 2018 World Cup Squad

Click here to take the quiz!

General Stats

  • This quiz has been taken 193 times
  • The average score is 14 of 23

Answer Stats

Squad NumberClubsPositionAnswer% Correct
1LiverpoolGoalkeeperAlisson
99%
10Paris Saint-GermainForwardNeymar
93%
23Manchester CityGoalkeeprEderson
88%
13Paris Saint-GermainDefenderMarquinhos
83%
20LiverpoolForwardRoberto Firmino
82%
9Manchester CityForwardGabriel Jesus
81%
12Real MadridDefenderMarcelo
79%
5Real MadridMidfielderCasemiro
75%
17Manchester CityMidfielderFernandinho
75%
11BarcelonaMidfielderPhilippe Coutinho
73%
18Manchester UnitedMidfielderFred
72%
7JuventusForwardDouglas Costa
64%
6Atletico MadridDefenderFilipe Luis
59%
15Guangzhou EvergradeMidfielderPaulinho
59%
19ChelseaMidfielderWillian
56%
3Inter MilanDefenderMiranda
54%
14Manchester CityDefenderDanilo
49%
8Bejing GuoanMidfielderRenato Augusto
38%
21Shaktar DonetskForwardTaison
36%
22CorinthiansDefenderFagner
32%
16CorinthiansGoalkeeperCassio
25%
4GremioDefenderPedro Geromel
22%
2Paris Saint-GermainDefenderThiago Sliva
4%

Score Distribution

Percentile by Number Answered

Percent of People with Each Score

Your Score History

You have not taken this quiz